| 000 | 00816nam a2200265 a 4500 | ||
|---|---|---|---|
| 001 | 53780 | ||
| 003 | BD RJUL | ||
| 005 | 20211209080023.0 | ||
| 008 | 161025s1966 enka b 001 0 eng | ||
| 035 | _a(BD RJUL)53902 | ||
| 040 |
_aDLC _cDLC _dBD RJUL _beng |
||
| 041 | _aeng | ||
| 082 |
_a596 _bROV 1959 _223 |
||
| 100 | 1 |
_aRomer, Alfred Sherwood, _d1894-1973 _935524 |
|
| 245 | 1 | 0 |
_aVertebrate paleontology / _cby Alfred Sherwood Romer. |
| 260 |
_aLondon : _bUniversity of Chicago Press, _cc1933-1959 |
||
| 300 |
_avii, 437 p. : _bill. ; _c29 cm. |
||
| 500 | _aIncludes index. | ||
| 650 | 0 |
_aVertebrates _xAnatomy. _935525 |
|
| 650 | 0 |
_aVertebrates, Fossil. _935526 |
|
| 650 | 0 |
_aPaleontology. _935527 |
|
| 740 | 0 | _aNotes and comments on vertebrate paleontology. | |
| 942 |
_2ddc _cBK |
||
| 999 |
_c53780 _d53780 |
||